Statistics for Countries Elimination Quiz # 1

Click here to take the quiz!

General Stats

  • This quiz has been taken 1,152 times
  • The average score is 25 of 29

Answer Stats

Country% Correct
European Country Beginning With SSweden
92%
One Word CapitalSweden(Stockholm)
92%
European Country Beginning With SSlovakia
90%
Borders Poland Or France | European Country Beginning With S | Population Over 5 Million | Red In FlagSpain
90%
One Word CapitalSpain(Madrid)
90%
One Word CapitalSlovakia(Bratislava)
89%
Borders Poland Or France | Has B In Its Capital | Is Member Of The EU | +2 othersSlovakia
89%
European Country Beginning With SSlovenia
88%
Borders Poland Or France | European Country Beginning With S | Population Over 5 Million | Red In FlagSwitzerland
87%
One Word CapitalSlovenia(Ljubljana)
87%
One Word CapitalSwitzerland(Bern)
87%
Red In FlagSlovenia
87%
Has B In Its CapitalSwitzerland
86%
One Word CapitalSerbia(Belgrade)
86%
European Country Beginning With S | Population Over 5 Million | Red In FlagSerbia
86%
European Country Beginning With SSan Marino
78%
This Countries Second CityKosice
11%

Score Distribution

Percentile by Number Answered

Percent of People with Each Score

Your Score History

You have not taken this quiz